|
|
|
|
| LEADER |
01282nam a2200205 a 4500 |
| 008 |
100725s2003 bg 000 0 ben |
| 020 |
|
|
|a 9848820264
|
| 040 |
|
|
|a BD-DhAAL
|c BD-DhAAL
|d BD-DhAAL
|
| 082 |
0 |
0 |
|a 302.23
|2 22
|
| 245 |
1 |
0 |
|a জনপরিসরে গণমাধ্যম ও অন্যান্য প্রসঙ্গ :
|b এম এমসি সেমিনার সংকলন-২ /
|c কামরুল হাসান মঞ্জু ও জান্নাতুল ফেরদৌস,সম্পাদনা
|
| 260 |
|
|
|a ঢাকা :
|b ম্যাস লাইন মিডিয়া সেন্টার,
|c ২০০৩
|
| 300 |
|
|
|a ৭৫৮ পৃ. ;
|c ২২ সে.মি.
|
| 541 |
1 |
|
|e 00020045
|
| 650 |
|
0 |
|a Mass Media
|
| 700 |
|
|
|a মঞ্জু, কামরুল হাসান
|
| 700 |
|
|
|a ফেরদৌস,জান্নাতুল
|
| 852 |
4 |
|
|a Ayesha Abed Library
|j General shelf.
|
| 999 |
|
|
|c 9482
|d 9482
|
| 952 |
|
|
|0 0
|1 0
|2 ddc
|4 0
|6 302_230000000000000_JON_2003
|7 0
|9 12031
|a BRACUL
|b BRACUL
|c GEN
|d 2010-09-23
|l 1
|m 1
|o 302.23 JON
|p 3010020045
|r 2026-03-08
|s 2026-02-22
|t 1
|w 2010-09-23
|y BK
|
| 952 |
|
|
|0 0
|1 0
|2 ddc
|4 0
|6 302_230000000000000_JON
|7 0
|9 57961
|a BRACUL
|b BRACUL
|c GEN
|d 2016-02-09
|e Jaatri
|l 1
|o 302.23 JON
|p 3010030848
|r 2024-01-16
|s 2024-01-04
|t 2
|w 2016-02-09
|y BK
|